Statistiques concernant One Piece-Les sabres nommés utilisés par Zoro

Cliquez ici pour prendre le quiz!

Statistiques générales

  • Ce quiz a été pris 89 fois
  • Le résultat moyen est 4 sur 5

Statistiques - réponses

Réponse% Correct
Enma
97%
Wado Ichimonji
85%
Sandai Kitetsu
76%
Shusui
69%
Yubashiri
41%

Distribution des résultats

Percentile par nombre de réponses

% des personnes avec chaque résultat

Votre développement - résultats

Vous n’avez pas pris ce quiz